RDU Airport Destinations - Statistics

General Stats
  • This quiz has been taken 6 times
  • The average score is 63 of 87
Answer Stats
State/Country Airlines City % Correct
Texas Breeze San Antonio
100%
Georgia Delta, Frontier Atlanta
83%
Texas Delta Connection, Southwest Austin
83%
Maryland Southwest Baltimore
83%
Massachusetts Delta, Frontier, JetBlue Boston
83%
Mexico Aeroméxico, American, Frontier, Delta Cancún
83%
North Carolina American Charlotte
83%
Illinois Southwest Chicago Midway
83%
Illinois American, American Eagle, Frontier, United, United Express Chicago O'Hare
83%
Texas American, Frontier Dallas/Fort Worth
83%
Texas Southwest Dallas Love Field
83%
Colorado Frontier, Southwest, United Denver
83%
Michigan Delta, Frontier Detroit
83%
Ireland Aer Lingus Dublin
83%
Germany Lufthansa Frankfurt
83%
Texas Southwest Houston Hobby
83%
Texas Frontier, United, United Express Houston Intercontinental
83%
Missouri Delta Connection Kansas City
83%
Nevada Delta, Frontier, Southwest Las Vegas
83%
United Kingdom American London
83%
New York Breeze Long Island/Islip
83%
California American, Delta Los Angeles
83%
Tennessee Breeze Memphis
83%
Mexico Aeroméxico Connect Mexico City
83%
Florida American, American Eagle, Delta, Frontier Miami
83%
Minnesota Delta, Sun Country Airlines Minneapolis
83%
Canada Air Canada Express Montreal
83%
Tennessee American Eagle, Delta Connection, Southwest Nashville
83%
New Jersey Delta Connection, United, United Express Newark
83%
New York Breeze Newburgh
83%
Louisiana Breeze, Southwest New Orleans
83%
New York American Eagle, Delta Connection, JetBlue New York - JFK
83%
New York American, American Eagle, Delta, Delta Connection, Frontier New York - LaGuardia
83%
Florida Breeze, Delta, Delta Connection, Frontier, Southwest Orlando
83%
Panama Copa Airlines Panama City
83%
France Air France Paris
83%
Pennsylvania American, American Eagle, Frontier Philadelphia
83%
Arizona American, Southwest Phoenix
83%
Pennsylvania American Eagle, Breeze Pittsburgh
83%
Dominican Republic American, Breeze Punta Cana
83%
Iceland Icelandair Reykjavik
83%
Utah Delta Salt Lake City
83%
California Alaska Airlines, Breeze Airways San Diego
83%
Washington Alaska Airlines, Delta Seattle
83%
Florida Breeze, Delta, Frontier, Southwest Tampa
83%
Canada Air Canada, Air Canada Express Toronto
83%
Canada Air Canada Vancouver
83%
D.C. United, United Express Washington Dulles
83%
D.C. American, American Eagle, Delta Connection Washington National
83%
New York Breeze White Plains
83%
Alabama Breeze Birmingham
67%
New York Frontier Buffalo
67%
Ohio Delta Connection Cincinnati
67%
Ohio Frontier Cleveland
67%
Florida Delta, Frontier, JetBlue, Southwest Fort Lauderdale
67%
Florida Breeze Fort Myers
67%
Connecticut Breeze Hartford
67%
Indiana Delta Connection Indianapolis
67%
Florida Breeze Jacksonville
67%
Florida Breeze Key West
67%
New Hampshire Breeze Manchester
67%
California Breeze Orange County
67%
Maine Breeze Portland
67%
California United San Francisco
67%
Florida Breeze Sarasota
67%
Missouri Southwest St. Louis
67%
New York Breeze Syracuse
67%
Florida Breeze Tallahassee
67%
Ohio Breeze Akron
50%
New York Breeze Albany
50%
New Jersey Breeze Atlantic City
50%
Maine Breeze Bangor
50%
Vermont Breeze Burlington
50%
Ohio Breeze Columbus
50%
Florida Breeze Daytona Beach
50%
Kentucky Breeze Louisville
50%
Wisconsin Breeze Madison
50%
Connecticut Avelo, Breeze New Haven
50%
Florida Breeze Pensacola
50%
Rhode Island Breeze Providence
50%
Utah Breeze Provo
50%
New York Avelo, Breeze Rochester
50%
Puerto Rico Delta, Frontier, JetBlue San Juan
50%
New York Breeze Ogdensburg
33%
New Hampshire Breeze Portsmouth
33%
Florida Breeze Vero Beach
33%
Florida Breeze Palm Beach
17%
No matching quizzes found
Score Distribution
Percent of People with Each Score
Percentile by Number Answered
Your Score History
You have not taken this quiz